000 01422nam a22002777a 4500
001 EPSA 0378
003 gtcocun
005 20250918183817.0
006 a||||gr|||| 00| 0
007 ta
008 250918b2024 gt ||||| m||| 00| 0 eng d
040 _agtcocun
_bSPA
_cgtcocun
_eRDA
041 _aSPA EPSA 0278
084 _0EPSA 0278
100 _aMedina Suc, Osman Julio
_eAutor
245 _aINFORME FINAL DEL EJERCICIO PROFESIONAL SUPERVISADO, REALIZADO EN EL VIVERO AGROJARDINES SACHACAC COBÁN, DEPARTAMENTO DE ALTA VERAPAZ/
_cOsman Julio Medina Suc
_hImpreso
264 _aCobán, Alta Verapaz:
_bUniversidad de San Carlos de Guatemala, Centro Universitario del Norte, Licenciatura en Administración de Empresas
_c2024
300 _a40 p.:
_bIlustraciones, gráficas.
_c28 cm;
502 _eEPSA 0278
502 _aEjercicio Profesional Supervisado
_bLicenciatura en Administración de Empresas,
_cUniversidad de San Carlos de Guatemala, Centro Universitario del Norte, Licenciatura en Administración de Empresas
_d2024
_oEPSA 0278
650 1 4 _2LEMB
_aCobán, Alta Verapaz
_xAdministración
_xDiagnóstico
_xManuales
_xPlanificacion
_xEstrategias
_xPresupuesto
_xRecopilación de información
700 _aLcda. Gladis Margarita Cacao Requena
_eAsesor
856 _uSin archivo en línea.
_zSin archivo en línea.
942 _2ddc
_cTES
_iEPSA 0278
_kClasificación
_n0
_6EPSA_0278_000000000000000
999 _c1958
_d1958